000 01899nam0a22003491 4500
001 v19\rc\2000602
005 20251118181418.6
035 _a(NLR Aleph) 005089658
090 _a7283297
_c7283297
100 _a20080811d1915 |||y0rusy50 ca
101 0 _arus
102 _aRU
105 _aa z |||||
200 1 _aЖизнь и чудеса св. бессребренников и чудотворцев Космы и Дамиана, иже от Асии
_e(Память 1 нояб.)
_eВ прил.: I. Жизнь св. мучеников Космы и Дамиана Римских. (Память 1 июля). II. Жизнь св. бессребренников Космы и Дамиана Аравийских или Киликийских. (Память 17 окт.)
_fСост. Леонид Денисов
210 _aМосква
_cЕ.И. Коновалова и К°
_d1915
215 _a48 с.
_cил.
_d22
300 _aНа обл. авт. не указан
464 0 _12001#$aЖизнь св. мучеников Космы и Дамиана Римских. (Память 1 июля)
464 0 _12001#$aЖизнь свв. безсребренников Космы и Дамиана Аравийских, или Каликийских. (Память 17 октября)
532 1 2 _aЖизнь и чудеса святых бессребренников и чудотворцев Космы и Дамиана, иже от Асии
700 1 _aДенисов
_bЛ. И.
_f1866-1942
_gЛеонид Иванович
_4220
702 0 _6z01790
_aКосма
_cсв.
_f3 в.
_4570
702 0 _aДамиан
_cсв.
_f3 в.
_4570
790 1 _6z01702
_bдр
_f3 в.
801 0 _aRU
_bNLR
_gpsbo
801 0 _aRU
_bRuMoRGB
_2psbo
801 1 _aRU
_bProSoft-M
_2rusmarc
852 _aNLR
_j40.16.7.127
852 _aNLR
_j40.9а.7.131
899 _aRuMoRGB
_jЯ 32797
942 _cBOOK
980 _aNB